000 00699cam a22002411 4500
001 sa 68011379
003 DLC
005 20260227112559.0
008 900104s1965 ii a 000 0 gujo
010 _asa 68011379
025 _aPL480:I-Gu-676
035 _a(OCoLC)20844513
040 _aDLC
_cWaU
_dDLC
041 0 _agujhinsan
042 _apremarc
050 0 0 _aPK1856
_b.S6
100 1 _aSomapurā, Prabhāśaṅkara Oghaḍabhāī,
_d1896-
245 1 0 _aVedavāstu prabhākara.
_bVedhavastu-prabhakar.
260 _c1965.
300 _a3, 32, 147 p.
_billus.
_c26 cm.
500 _aGujarati, Hindi and Sanskrit; Introd. and notes in Gujarati.
650 0 _aArchitecture
_zindia
_vPoetry.
999 _c83847
_d83847